000
00262nam a2200121Ia 4500
008
190216s9999||||xx |||||||||||||| ||und||
100
_a
Padmavathi. V
245
0
_a
Ariyappadathavar
260
_b
Padmavathi
300
_a
96
650
_a
Malayalam
942
_c
BK
999
_c
28236
_d
28236